| 000 | 00621nam a2200193Ia 4500 | ||
|---|---|---|---|
| 003 | OSt | ||
| 005 | 20250224162636.0 | ||
| 008 | 210210b1987 xxu||||| |||| 00| 0 eng d | ||
| 040 | _cAL | ||
| 041 | _aKannada | ||
| 082 | _aK894.3 JAYA | ||
| 100 |
_aJAYAPRAKASHA MAVINAKULI. _9138794 _dಜಯಪ್ರಕಾಶ ಮಾವಿನಕುಳಿ |
||
| 245 |
_aAntara: huduga bareda hudugiya kathe. _bಅಂತರ : ಹುಡುಗ ಬರೆದ ಹುಡುಗಿಯ ಕಥೆ |
||
| 260 |
_aMudubidare _bSpatika Prakashana., _c1987 |
||
| 300 | _a90 | ||
| 690 |
_aKannada Fiction _9138795 |
||
| 906 | _a059941 | ||
| 942 |
_2ddc _cBK |
||
| 999 |
_c106878 _d106878 |
||